Tim Burton Movies by Picture - Statistics

General Stats
  • This quiz has been taken 130 times
  • The average score is 11 of 16
Answer Stats
Picture Answer % Correct
Charlie and the Chocolate Factory
99%
Alice in Wonderland
97%
Edward Scissorhands
95%
Beetlejuice
92%
Corpse Bride
88%
Dumbo
88%
Sweeney Todd : The Demon Barber of Fleet Street
72%
Planet of the Apes
69%
Frankenweenie
65%
Mars Attacks !
57%
Pee-wee's Big Adventure : The Story of a Rebel and his Bike
56%
Dark Shadows
55%
Miss Peregrine's Home for Peculiar Children
53%
Sleepy Hollow
50%
Big Fish
45%
Big Eyes
33%
No matching quizzes found
Score Distribution
Percent of People with Each Score
Percentile by Number Answered
Your Score History
You have not taken this quiz